000 00427nam a2200109Ia 4500
008 160909s9999 xx 000 0 und d
100 _aKobayashi-Wagner, Reiko
245 _aExploration of food preferences among different generations of Japanese-Americans living in the Seattle area: A pilot study
260 _bBastyr University
_c2016
650 _aNursing
856 _uhttp://pqdtopen.proquest.com/doc/1808920651.html?FMT=ABS
999 _c303906
_d303906